00901nam a2200205 i 4500001000700000003000900007005001700016007000300033008004100036100003300077245022200110260003400332300003800366650002800404700005500432700003600487852003200523999001900555952012100574130882ES-MaACL20230906193852.0t|070810s1956 sp ||||1| spa d1 aZeuner, Frederick E.911821110aGeocronología b: la datación del pasado. Una introducción a la cronología prehistórica / cFrederick E. Zeuner ; versión española de José Manuel Gómez-Tabanera ; prólogo de Martín Almagro Basch. aBarcelona : bOmega, c[1956] aXXVIII, 524 p. : bil. ; c23 cm.14aGeocronología.9130670 aGómez-Tabanera, José Manuel,d1926-20119581651 aAlmagro Basch, Martín.920073 aES-MaACLjC-12164 bR.40187 c130882d130882 00104070aATENEOMbATENEOMcSPALd2008-01-17eSCl0oC-12164p1136268r2023-02-23 00:00:00w2023-02-23yMONOGRAFIA